| 000 | 00819cam a22002535a 4500 | ||
|---|---|---|---|
| 001 | L159245 | ||
| 008 | 160329s2014 xxk f 000 0 eng d | ||
| 035 | _a(Sirsi) u159245 | ||
| 041 | _aeng | ||
| 050 | _a340.57025 | ||
| 110 |
_aPlanning and Environment Bar Association _9497 |
||
| 245 | _aPEBA 2014-15 handbook | ||
| 260 |
_aLondon _bPEBA _c2014 |
||
| 300 | _a88p. ; 21cm. | ||
| 520 | _aThe association of barristers who practise in the areas of law relating to town and country planning, the environment, compulsory purchase, highways, rating, housing, and local government finance and administration. | ||
| 650 | _aBARRISTERS | ||
| 650 | _aDIRECTORIES | ||
| 650 | _aENVIRONMENT LAW | ||
| 650 | _aPLANNING LAW | ||
| 651 | 4 | _aENGLAND AND WALES | |
| 690 | _aLAW | ||
| 942 | _n0 | ||
| 948 | _c19/02/1999 | ||
| 999 |
_c115762 _d115762 |
||